[Event "Sydney International Open"]
[Site "*"]
[Date "2007.04.14"]
[Round "9.69"]
[White "Anton, Sarah"]
[Black "Wettstein, Carla"]
[Result "0-1"]
[WhiteElo "754"]
[BlackElo "1487"]
[PlyCount "98"]

1. e4 e5 2. Nf3 Nc6 3. Bc4 Nf6 4. d3 Be7 5. O-O O-O 6. h3 d6 7. Be3 Na5 8. Nbd2
Nxc4 9. Nxc4 h6 10. Nfd2 Be6 11. f4 exf4 12. Rxf4 d5 13. Ne5 Bd6 14. d4 Nd7 15.
exd5 Bxd5 16. Qh5 Qe7 17. c4 Nxe5 18. cxd5 Ng6 19. Re4 Qd7 20. Nc4 Rae8 21. Ne5
Bxe5 22. dxe5 Qxd5 23. Qf5 Rxe5 24. Rxe5 Nxe5 25. Bxa7 b6 26. Qf2 Ra8 27. Bxb6
cxb6 28. Qxb6 Rxa2 29. Rxa2 Qxa2 30. Qb8+ Kh7 31. Qxe5 Qb3 32. Kh2 Kg8 33. Qc3
Qe6 34. b4 Kf8 35. Qc5+ Ke8 36. b5 Kd7 37. Qd4+ Qd6+ 38. Qxd6+ Kxd6 39. Kg3 Kc5
40. Kf4 Kxb5 41. Kf5 Kc5 42. g4 Kd5 43. h4 Kd6 44. h5 Ke7 45. g5 hxg5 46. Kxg5
Ke6 47. Kf4 f6 48. Ke4 f5+ 49. Kf4 Kf6 0-1

[Event "Sydney International Open"]
[Site "*"]
[Date "2007.04.14"]
[Round "9.71"]
[White "Tacorda, Ely"]
[Black "Nomat, Emil-Lion"]
[Result "0-1"]
[WhiteElo "1250"]
[BlackElo "1461"]
[PlyCount "36"]

1. d4 d5 2. Nf3 Nf6 3. Bf4 e6 4. e3 c5 5. Bb5+ Nbd7 6. O-O a6 7. Bxd7+ Nxd7 8.
Nc3 b5 9. dxc5 Bxc5 10. b3 O-O 11. a3 Bb7 12. b4 Be7 13. Ne5 f6 14. Nxd7 Qxd7
15. Qh5 Qc6 16. Ne2 e5 17. Bg3 d4 18. exd4 Qxg2# 0-1

[Event "Sydney International Open"]
[Site "*"]
[Date "2007.04.12"]
[Round "5.3"]
[White "Matamoros Franco, Carlos S"]
[Black "Garbett, Paul"]
[Result "1/2-1/2"]
[WhiteElo "2523"]
[BlackElo "2313"]
[PlyCount "74"]

1. Nf3 Nf6 2. c4 d6 3. d4 Nbd7 4. Nc3 c6 5. e4 e5 6. Be2 Be7 7. O-O O-O 8. Be3
a6 9. d5 c5 10. Ne1 Ne8 11. Rb1 Bg5 12. Qd2 Bxe3 13. Qxe3 g6 14. Nd3 Qe7 15. b4
b6 16. Bd1 Ra7 17. Ba4 Nef6 18. Bc6 Qd8 19. a4 Qc7 20. a5 Ng4 21. Qe2 cxb4 22.
axb6 Nxb6 23. Rxb4 Nf6 24. Ra1 Bd7 25. Qb2 Na8 26. Bxa8 Rfxa8 27. c5 dxc5 28.
Rb6 Bb5 29. Rxf6 Bxd3 30. Rc6 Qe7 31. d6 Qe6 32. Rxc5 Rd7 33. Rd1 Rxd6 34. Rd5
Rb6 35. Qd2 Bc4 36. Rd7 Kg7 37. f4 Qc6 1/2-1/2

[Event "Sydney International Open"]
[Site "*"]
[Date "2007.04.12"]
[Round "5.4"]
[White "Bakre, Tejas"]
[Black "Zhao, Zong-Yuan"]
[Result "1/2-1/2"]
[WhiteElo "2426"]
[BlackElo "2476"]
[PlyCount "86"]

1. d4 d5 2. Nf3 Nf6 3. e3 e6 4. Bd3 Be7 5. Nbd2 c5 6. b3 O-O 7. O-O b6 8. Bb2
Bb7 9. Ne5 Nbd7 10. f4 Ne4 11. Nxe4 dxe4 12. Bb5 Nf6 13. Bc6 Qc7 14. Bxb7 Qxb7
15. c4 Rad8 16. Qe2 Nd7 17. Rad1 f6 18. Nxd7 Rxd7 19. dxc5 Bxc5 20. Rxd7 Qxd7
21. Rd1 Qc7 22. Bd4 Rd8 23. Bxc5 bxc5 24. Kf2 h6 25. h4 Qa5 26. Rxd8+ Qxd8 27.
Ke1 f5 28. g3 Qf6 29. Kf2 Qa1 30. Kg2 Qc1 31. h5 Kf7 32. g4 fxg4 33. Qxg4 Qd2+
34. Kh1 Qxe3 35. Qg6+ Kf8 36. Qxe6 Qf3+ 37. Kg1 Qg3+ 38. Kh1 Qxf4 39. Qc8+ Kf7
40. Qxc5 e3 41. Qd5+ Ke7 42. Qc5+ Kf7 43. Qd5+ Ke7 1/2-1/2

[Event "Sydney International Open"]
[Site "*"]
[Date "2007.04.12"]
[Round "5.7"]
[White "Johansen, Darryl K"]
[Black "Chokshi, Manthan"]
[Result "1/2-1/2"]
[WhiteElo "2456"]
[BlackElo "2168"]
[PlyCount "72"]

1. c4 e6 2. Nc3 d5 3. d4 c6 4. e3 f5 5. b3 Nf6 6. Bb2 Bd6 7. Bd3 Ne4 8. Qc2 Nd7
9. Nf3 a6 10. a4 Qe7 11. O-O O-O 12. Ne2 Rf6 13. Ne5 Rh6 14. g3 Qe8 15. f3 Ng5
16. Nf4 Nf7 17. Nxf7 Qxf7 18. cxd5 cxd5 19. Ba3 Bxa3 20. Rxa3 g5 21. Ne2 Nf6
22. b4 Bd7 23. Rc3 Qh5 24. Rf2 Qe8 25. a5 Bc6 26. Nc1 g4 27. f4 Bb5 28. Bxb5
axb5 29. Rc7 Ne4 30. Re2 Nd6 31. Qc5 Ne4 32. Qe7 Qxe7 33. Rxe7 Rc8 34. Na2 Nd6
35. Rd7 Rc6 36. Kf1 Kf8 1/2-1/2

[Event "Sydney International Open"]
[Site "*"]
[Date "2007.04.12"]
[Round "5.9"]
[White "Solomon, Stephen J"]
[Black "Pyke, Malcolm L"]
[Result "1-0"]
[WhiteElo "2430"]
[BlackElo "2235"]
[PlyCount "127"]

1. e4 e6 2. d4 d5 3. Nd2 Nf6 4. e5 Nfd7 5. f4 c5 6. c3 Nc6 7. Ndf3 Be7 8. Bd3
f5 9. exf6 Nxf6 10. Ne2 O-O 11. O-O Bd7 12. dxc5 Bxc5+ 13. Kh1 Qc7 14. a3 Rae8
15. Ned4 Bc8 16. Nxc6 bxc6 17. Ne5 Bd6 18. Qe2 c5 19. c4 Bb7 20. Bd2 Bxe5 21.
fxe5 Ne4 22. Bxe4 dxe4 23. Bc3 Rxf1+ 24. Rxf1 Rf8 25. Kg1 Rxf1+ 26. Kxf1 a5 27.
a4 Qc6 28. b3 Qb6 29. Qc2 g6 30. Ke2 Kf7 31. Kd1 e3 32. Ke2 Bxg2 33. Kxe3 Bh3
34. Qd1 Bf5 35. Kd2 Qd8+ 36. Kc1 Qg5+ 37. Kb2 Qe3 38. Qd2 Qe4 39. Ka3 Ke8 40.
Qb2 Qa8 41. Qf2 Qh1 42. h4 h5 43. Qe1 Qg2 44. Bd2 Kf7 45. Bg5 Qa8 46. Qd2 Qb8
47. Qd7+ Kg8 48. Bf6 Qf8 49. Qc7 g5 50. Bxg5 Bb1 51. Bf6 Qh6 52. Qd8+ Kf7 53.
Bg5 Qg6 54. Qc7+ Kg8 55. Qxa5 Qc2 56. Qd8+ Kg7 57. Qe7+ Kg8 58. Qxe6+ Kg7 59.
Bf6+ Kg6 60. Be7+ Kg7 61. Qf6+ Kg8 62. Qf8+ Kh7 63. Qf7+ Kh8 64. Bf6# 1-0

[Event "Sydney International Open"]
[Site "*"]
[Date "2007.04.12"]
[Round "5.10"]
[White "Lane, Gary W"]
[Black "Repplinger, Marc"]
[Result "0-1"]
[WhiteElo "2421"]
[BlackElo "2239"]
[PlyCount "158"]

1. e4 e6 2. d4 d5 3. Nd2 Nf6 4. e5 Nfd7 5. c3 c5 6. Bd3 Nc6 7. Ne2 cxd4 8. cxd4
f6 9. exf6 Nxf6 10. O-O Bd6 11. Nf3 Qd7 12. Bg5 O-O 13. Rc1 h6 14. Bh4 Nh5 15.
Bb1 g5 16. Bg3 Nxg3 17. hxg3 Qg7 18. Qd3 Bd7 19. a3 Rf7 20. b4 a6 21. Rcd1 Raf8
22. Rd2 Rf6 23. Nc3 g4 24. Nh4 Ne7 25. Qe3 Qg5 26. Re1 a5 27. Rb2 axb4 28. axb4
Qxe3 29. Rxe3 Kg7 30. b5 Ra8 31. Rb3 Rff8 32. Bd3 Ra1+ 33. Nb1 Rc8 34. Re1 Kf6
35. Rd1 Bc7 36. Kh2 Bb6 37. Be2 h5 38. f3 Rc2 39. Bf1 Ra4 40. fxg4 hxg4 41.
Rbd3 Rcc4 42. Nc3 Rab4 43. Na2 Rb2 44. Nc3 Rc2 45. Nb1 Rc1 46. Be2 Kg5 47. Rxc1
Rxc1 48. Nc3 Re1 49. Bd1 Ba5 50. Ba4 Nc8 51. b6 Bxa4 52. Nxa4 Nxb6 53. Nc5 Nc4
54. Nxb7 Bb6 55. Nc5 Bxc5 56. dxc5 Rc1 57. c6 Nd6 58. Ra3 Rxc6 59. Ra8 Rc8 60.
Ra7 Kf6 61. Rh7 Ne4 62. Rh6+ Ke5 63. Ng6+ Kd6 64. Nf4 Re8 65. Rg6 Rh8+ 66. Kg1
Nc5 67. Rxg4 Ra8 68. Kf2 Ra3 69. Nh5 Ne4+ 70. Ke2 e5 71. Ng7 Ra2+ 72. Kf1 Kc5
73. Ne6+ Kc4 74. Kg1 Ra1+ 75. Kh2 Kd3 76. Rg6 Nf2 77. g4 Rh1+ 78. Kg3 Ne4+ 79.
Kf3 Rf1# 0-1

[Event "Sydney International Open"]
[Site "*"]
[Date "2007.04.12"]
[Round "5.14"]
[White "Atzmon-Simon, Barak"]
[Black "Sales, Jesse Noel"]
[Result "1-0"]
[WhiteElo "2157"]
[BlackElo "2361"]
[PlyCount "61"]

1. f4 g5 2. fxg5 h6 3. d4 hxg5 4. Bxg5 Bh6 5. Bxh6 Nxh6 6. d5 d6 7. Nc3 c5 8.
e4 Qb6 9. Qd2 Qxb2 10. Rb1 Qa3 11. Bb5+ Bd7 12. Nf3 a6 13. Bxd7+ Nxd7 14. Rb3
Qa5 15. Rxb7 Ng4 16. O-O f6 17. Rfb1 Rh7 18. e5 Ngxe5 19. Qe3 Rd8 20. Nxe5 Nxe5
21. a4 Kf8 22. Ra7 Ng4 23. Qg3 c4 24. Rb5 Qxc3 25. Qxc3 axb5 26. h3 f5 27. axb5
Nf6 28. Qa5 Rb8 29. Qc7 Re8 30. b6 Kf7 31. Qxd6 1-0

[Event "Sydney International Open"]
[Site "*"]
[Date "2007.04.12"]
[Round "5.25"]
[White "Smirnov, Vladimir"]
[Black "Christensen, Joshua"]
[Result "1-0"]
[WhiteElo "2319"]
[BlackElo "1605"]
[PlyCount "47"]

1. Nf3 d5 2. d3 c5 3. e4 dxe4 4. dxe4 Qxd1+ 5. Kxd1 Nc6 6. c3 Bg4 7. Be3 e6 8.
Nbd2 O-O-O 9. Kc2 Nf6 10. Bb5 Nb8 11. Ne5 Bh5 12. f3 a6 13. Be2 Nbd7 14. Nec4
b5 15. Na5 Nb6 16. h4 h6 17. g4 Bg6 18. Nc6 Re8 19. Ne5 Bh7 20. Nxf7 Rg8 21. g5
Nh5 22. Rhg1 hxg5 23. Rxg5 Nf6 24. Bxc5 1-0

[Event "Sydney International Open"]
[Site "*"]
[Date "2007.04.12"]
[Round "5.26"]
[White "Bucher, Denis"]
[Black "Yu, Derek"]
[Result "1-0"]
[WhiteElo "2315"]
[BlackElo "1958"]
[PlyCount "57"]

1. e4 e5 2. Nf3 Nc6 3. Nc3 Nf6 4. a3 Be7 5. d4 exd4 6. Nxd4 d6 7. Bc4 O-O 8.
O-O Nxd4 9. Qxd4 Ng4 10. Nd5 Bf6 11. Qd1 Re8 12. f3 Ne5 13. Be2 Be6 14. Be3
Bxd5 15. Qxd5 c6 16. Qb3 b5 17. Rfd1 Qc7 18. a4 bxa4 19. Rxa4 Reb8 20. Qa3 c5
21. c3 Rb6 22. b4 Qb8 23. bxc5 Rb3 24. Qa1 Rb2 25. Ra2 Rxa2 26. Qxa2 dxc5 27.
Bxc5 Nc6 28. Rd7 Bxc3 29. Rxf7 1-0

[Event "Sydney International Open"]
[Site "*"]
[Date "2007.04.12"]
[Round "5.27"]
[White "Stojic, Dusan"]
[Black "Brown, Andrew"]
[Result "1/2-1/2"]
[WhiteElo "2271"]
[BlackElo "1917"]
[PlyCount "93"]

1. e4 c5 2. Nf3 Nc6 3. d4 cxd4 4. Nxd4 Nf6 5. Nc3 e5 6. Ndb5 d6 7. Bg5 a6 8.
Na3 b5 9. Nd5 Be7 10. Bxf6 Bxf6 11. c3 O-O 12. Nc2 Bg5 13. a4 bxa4 14. Rxa4 a5
15. Bc4 Rb8 16. b3 Be6 17. Nce3 g6 18. O-O Kh8 19. Kh1 Bh6 20. b4 axb4 21. cxb4
Nd4 22. f4 f5 23. exf5 Nxf5 24. Nxf5 Bxf5 25. b5 Ra8 26. b6 Rxa4 27. Qxa4 Be4
28. Qb4 Qd7 29. Bb5 Bxg2+ 30. Kxg2 Qb7 31. Qe4 Bxf4 32. Ra1 Rc8 33. Ba6 Rc2+
34. Qxc2 Qxd5+ 35. Kf2 Qd4+ 36. Kf3 Qxa1 37. Qc8+ Kg7 38. Qd7+ Kh6 39. Qh3+ Kg7
40. b7 Qc3+ 41. Kg2 Qb2+ 42. Kh1 Qb1+ 43. Qf1 Qe4+ 44. Qg2 Qb1+ 45. Qf1 Qe4+
46. Qg2 Qb1+ 47. Qf1 1/2-1/2

[Event "Sydney International Open"]
[Site "*"]
[Date "2007.04.12"]
[Round "5.28"]
[White "Canfell, Mike J"]
[Black "Dowden, Tony"]
[Result "1-0"]
[WhiteElo "1976"]
[BlackElo "2190"]
[PlyCount "61"]

1. e4 e6 2. d4 d5 3. Nd2 Be7 4. Bd3 Nf6 5. e5 Nfd7 6. c3 c5 7. Ne2 Nc6 8. O-O
cxd4 9. cxd4 Qb6 10. Nf3 a5 11. a3 Ndb8 12. Qc2 h6 13. Be3 Bd7 14. Nc3 Na6 15.
Na4 Qa7 16. Qb3 Bd8 17. Rfc1 g5 18. h3 Rb8 19. Qc3 b5 20. Nc5 Nxc5 21. Qxc5 Bb6
22. Qc3 b4 23. axb4 Nxb4 24. Be2 Rc8 25. Qd2 Rxc1+ 26. Rxc1 Nc6 27. Bb5 Nxe5
28. Rc8+ Bd8 29. dxe5 Qb7 30. Bxd7+ Kxd7 31. Rc2 1-0

[Event "Sydney International Open"]
[Site "*"]
[Date "2007.04.12"]
[Round "5.30"]
[White "Bekker, Gary D"]
[Black "Ikeda, Junta"]
[Result "0-1"]
[WhiteElo "1904"]
[BlackElo "2154"]
[PlyCount "76"]

1. d4 Nf6 2. c4 e6 3. Nc3 Bb4 4. e3 b6 5. Bd3 Bb7 6. Nf3 Bxc3+ 7. bxc3 d6 8.
O-O Qe7 9. Qe2 Nbd7 10. e4 e5 11. Re1 h6 12. Nh4 g6 13. Nf3 Bc8 14. a4 a5 15.
Bd2 g5 16. Rf1 Nh7 17. g3 Nhf8 18. h4 Rg8 19. hxg5 hxg5 20. Kg2 Ne6 21. Be3 Bb7
22. Rh1 f5 23. d5 Nec5 24. Qc2 Nxd3 25. Qxd3 f4 26. Bc1 O-O-O 27. Bb2 Rdf8 28.
g4 Nf6 29. Nh2 Rh8 30. f3 Rh4 31. Rag1 Qh7 32. Nf1 Nxg4 33. Rxh4 Qxh4 34. Qe2
Ne3+ 35. Nxe3 fxe3 36. Qxe3 g4 37. Rf1 Qh3+ 38. Kf2 Rxf3+ 0-1

[Event "Sydney International Open"]
[Site "*"]
[Date "2007.04.12"]
[Round "5.32"]
[White "Zulfic, Fedja"]
[Black "Wei, Michael"]
[Result "0-1"]
[WhiteElo "1895"]
[BlackElo "2148"]
[PlyCount "60"]

1. d4 Nf6 2. Nf3 d5 3. e3 g6 4. c4 Bg7 5. Nc3 O-O 6. Be2 a6 7. O-O dxc4 8. Bxc4
b5 9. Bd3 Bb7 10. b4 Nc6 11. a3 e5 12. Nxe5 Nxe5 13. dxe5 Nd5 14. Bb2 Bxe5 15.
Rc1 Re8 16. Re1 Rc8 17. Ba1 c5 18. Nxd5 Qxd5 19. Bf1 c4 20. Qxd5 Bxd5 21. Bxe5
Rxe5 22. Rc3 Bb7 23. a4 Rd5 24. axb5 axb5 25. Ra1 Ra8 26. Rxa8+ Bxa8 27. Ra3
Bc6 28. Ra2 Rd1 29. Rb2 Be4 30. f3 Bd3 0-1

[Event "Sydney International Open"]
[Site "*"]
[Date "2007.04.12"]
[Round "5.34"]
[White "Zvedeniouk, Ilia"]
[Black "Rachmadi, Herman"]
[Result "1-0"]
[WhiteElo "2121"]
[BlackElo "1862"]
[PlyCount "63"]

1. e4 c5 2. c3 e5 3. d4 cxd4 4. cxd4 d6 5. Nf3 Nc6 6. Nc3 Nf6 7. Bg5 Be7 8. d5
Nb8 9. h3 Nbd7 10. Bd3 a6 11. O-O O-O 12. Qd2 b5 13. a3 Nc5 14. Bc2 Nh5 15. Be3
Qc7 16. b4 Nb7 17. a4 Bd7 18. Bd3 a5 19. Nxb5 Bxb5 20. Bxb5 axb4 21. Qxb4 Nc5
22. Rfc1 Rfb8 23. Nxe5 Bf6 24. Bd4 Qa5 25. Qxa5 Rxa5 26. Bxc5 dxc5 27. Nc6
Rbxb5 28. axb5 Rxa1 29. Rxa1 Bxa1 30. e5 Bxe5 31. Nxe5 Nf6 32. b6 1-0

[Event "Sydney International Open"]
[Site "*"]
[Date "2007.04.12"]
[Round "5.35"]
[White "Huynh, Arthur"]
[Black "Munoz, Contreras Nelson"]
[Result "0-1"]
[WhiteElo "1879"]
[BlackElo "2117"]
[PlyCount "96"]

1. d4 Nf6 2. Nf3 d6 3. c4 Nbd7 4. Nc3 g6 5. Bg5 Bg7 6. e3 c6 7. Be2 O-O 8. Qc2
Qa5 9. O-O e5 10. a3 exd4 11. exd4 h6 12. Bh4 Nh5 13. Be7 Re8 14. Bxd6 Nf8 15.
Rad1 Qd8 16. Bg3 f5 17. Be5 Bxe5 18. Nxe5 Nf4 19. Bf3 g5 20. g3 Nh3+ 21. Kh1 g4
22. Bg2 Ng5 23. Rfe1 Qf6 24. Qd2 Bd7 25. Nxd7 Nxd7 26. Qf4 Rac8 27. Re3 Rxe3
28. fxe3 Kg7 29. d5 Ne5 30. d6 Rd8 31. c5 b6 32. b4 Ne6 33. Qf2 bxc5 34. Na4
cxb4 35. axb4 Ng5 36. Qd2 Ngf7 37. Nc5 Rxd6 38. Qc2 Rxd1+ 39. Qxd1 Qd6 40. Qxd6
Nxd6 41. Kg1 Kf6 42. Kf2 Nb5 43. e4 Nd4 44. exf5 Nc2 45. Be4 Nxb4 46. Ke3 h5
47. Kf4 a5 48. Bb1 Nd5+ 0-1

[Event "Sydney International Open"]
[Site "*"]
[Date "2007.04.12"]
[Round "5.36"]
[White "Wu, Edwin"]
[Black "Chan, Jason"]
[Result "0-1"]
[WhiteElo "1875"]
[BlackElo "2099"]
[PlyCount "70"]

1. d4 Nf6 2. Nf3 g6 3. Nc3 Bg7 4. e4 O-O 5. Bd3 d6 6. h3 c6 7. Bf4 b5 8. O-O a6
9. Re1 Nfd7 10. e5 dxe5 11. dxe5 Nc5 12. Bf1 Ne6 13. Bh2 Bb7 14. Ne4 h6 15. c4
Nd7 16. Qc2 Qb6 17. Rad1 Rfd8 18. b4 Ndf8 19. a4 c5 20. cxb5 cxb4 21. Qb3 Rxd1
22. Qxd1 Rd8 23. Qb3 Bxe4 24. Rxe4 Nc5 25. Qe3 a5 26. Rd4 Nfe6 27. Rc4 Nxa4 28.
Qxb6 Nxb6 29. Rc6 Rb8 30. g4 a4 31. Bd3 b3 32. Nd2 Nd4 33. Rc7 e6 34. Ne4 Nf3+
35. Kh1 Nxh2 0-1

[Event "Sydney International Open"]
[Site "*"]
[Date "2007.04.12"]
[Round "5.37"]
[White "Dizdarevic, Mehmedalija"]
[Black "Dunlop, Gordon"]
[Result "1-0"]
[WhiteElo "2096"]
[BlackElo "1859"]
[PlyCount "85"]

1. e4 c5 2. Nf3 d6 3. d4 cxd4 4. Nxd4 Nf6 5. Nc3 g6 6. Be3 Bg7 7. f3 O-O 8. Qd2
Nc6 9. Bc4 Bd7 10. O-O-O Ne5 11. Bb3 Qa5 12. Kb1 Rfc8 13. h4 Nc4 14. Bxc4 Rxc4
15. Nb3 Qc7 16. g4 a5 17. e5 Rxc3 18. Qxc3 Qxc3 19. bxc3 Ne8 20. exd6 Nxd6 21.
Bd4 f6 22. Rhe1 Kf7 23. Bc5 a4 24. Bxd6 exd6 25. Rxd6 Bc6 26. Nd4 Bf8 27. Rde6
Bd5 28. R6e3 Ra6 29. Ka1 Rd6 30. Nb5 Rc6 31. f4 Bc5 32. Rd3 Be6 33. Nd4 Bxd4
34. cxd4 Bxg4 35. Rd2 h6 36. d5 Rd6 37. c4 b6 38. Kb2 Bd7 39. Ka3 g5 40. Kb4
gxh4 41. c5 bxc5+ 42. Kxc5 Ra6 43. d6 1-0

[Event "Sydney International Open"]
[Site "*"]
[Date "2007.04.12"]
[Round "5.38"]
[White "Moylan, Laura A"]
[Black "Hvistendahl, Robert"]
[Result "1/2-1/2"]
[WhiteElo "2092"]
[BlackElo "1855"]
[PlyCount "151"]

1. e4 d5 2. exd5 Qxd5 3. Nc3 Qd6 4. d4 a6 5. Be2 Nf6 6. Bf3 e6 7. Nge2 Be7 8.
O-O O-O 9. Ne4 Nxe4 10. Bxe4 e5 11. c3 f5 12. Qb3+ Be6 13. Qxb7 Nd7 14. Qxa8
Rxa8 15. Bxa8 c6 16. Re1 Qc7 17. dxe5 Nb6 18. Nd4 Bd7 19. Bxc6 Bxc6 20. Nxf5
Nd5 21. Bd2 Bc5 22. b4 Bxf2+ 23. Kxf2 Qf7 24. g4 g6 25. e6 Qf6 26. e7 Be8 27.
c4 Nb6 28. Be3 Nxc4 29. Rac1 Nxe3 30. Kxe3 gxf5 31. gxf5 Qxe7+ 32. Kf2 Qh4+ 33.
Ke3 Bb5 34. Rg1+ Kf7 35. f6 Qh3+ 36. Ke4 Qe6+ 37. Kf4 Qxf6+ 38. Ke3 Qe5+ 39.
Kf3 Qxh2 40. a4 Bxa4 41. Rg3 Qh5+ 42. Kf2 Bb5 43. Rf3+ Ke6 44. Re1+ Kd6 45.
Rf6+ Kd7 46. Rf3 Qh2+ 47. Ke3 Qe5+ 48. Kf2 Qh2+ 49. Ke3 Qh6+ 50. Rf4 Qh3+ 51.
Kf2 Qh2+ 52. Kf3 Bc6+ 53. Kg4 h5+ 54. Kf5 Qc2+ 55. Kg5 Qh7 56. Ref1 Qg7+ 57.
Kxh5 Qe5+ 58. Kh4 Kc7 59. Rf7+ Kb6 60. R7f4 Qh8+ 61. Kg4 Qg7+ 62. Kh4 Qh6+ 63.
Kg4 Bd7+ 64. Kf3 Qh3+ 65. Ke4 Qg2+ 66. Ke3 Qh3+ 67. Ke4 Bc6+ 68. Kd4 Qh8+ 69.
Rf6 Qd8+ 70. Kc3 Qd5 71. R1f5 Qe4 72. Rc5 Qe3+ 73. Kc2 Qe2+ 74. Kc3 Qe3+ 75.
Kc2 Qe2+ 76. Kc3 1/2-1/2

[Event "Sydney International Open"]
[Site "*"]
[Date "2007.04.12"]
[Round "5.39"]
[White "Tenorio, Leonardo"]
[Black "Gibbons, Robert"]
[Result "1-0"]
[WhiteElo "1861"]
[BlackElo "2077"]
[PlyCount "131"]

1. e4 c6 2. d4 d5 3. exd5 cxd5 4. c4 Nf6 5. Nc3 Nc6 6. Bf4 a6 7. Rc1 e6 8. c5
Be7 9. Nf3 O-O 10. a3 Ne4 11. Bd3 f5 12. h4 Bf6 13. Bb1 Re8 14. Ne5 Nxe5 15.
dxe5 Be7 16. Bxe4 fxe4 17. b4 Bd7 18. Qg4 Rf8 19. Ne2 Qe8 20. Nd4 Qf7 21. Be3
Rac8 22. O-O Qg6 23. Qxg6 hxg6 24. g3 Kf7 25. Rc3 Bb5 26. Nxb5 axb5 27. Rfc1
Rc6 28. Ra1 Ra8 29. Kg2 Ke8 30. Bd4 Rca6 31. f3 exf3+ 32. Rxf3 Kd7 33. Bb2 Rf8
34. Rxf8 Bxf8 35. Rf1 Ke8 36. Rf3 Be7 37. Kh3 Ra8 38. Kg4 Rc8 39. h5 gxh5+ 40.
Kxh5 Rc7 41. Kg6 Bd8 42. Bd4 Rd7 43. g4 Re7 44. Rh3 Rf7 45. Rh8+ Rf8 46. Kxg7
Rxh8 47. Kxh8 Kf7 48. Kh7 Bg5 49. Bf2 Bf4 50. Bh4 Bxe5 51. g5 d4 52. g6+ Kf8
53. Bg3 Bf6 54. Bd6+ Ke8 55. g7 Bxg7 56. Kxg7 d3 57. Bf4 e5 58. Be3 Ke7 59. Kg6
Ke6 60. Kg5 Kd5 61. Kf5 Kc4 62. Kxe5 Kb3 63. Kd6 Kxa3 64. Bd2 Kb3 65. Kc7 Kc2
66. Be3 1-0

[Event "Sydney International Open"]
[Site "*"]
[Date "2007.04.12"]
[Round "5.40"]
[White "Zirdum, Ivan"]
[Black "Szuveges, Narelle S"]
[Result "1-0"]
[WhiteElo "2061"]
[BlackElo "1841"]
[PlyCount "59"]

1. e4 e5 2. Nc3 Nf6 3. Bc4 Bc5 4. d3 d6 5. Bg5 c6 6. Qd2 Be6 7. Nf3 Nbd7 8. O-O
h6 9. Be3 O-O 10. Bxc5 Nxc5 11. b4 Bxc4 12. dxc4 Ne6 13. Rad1 Qc7 14. Qd3 Rad8
15. Nh4 Rd7 16. Nf5 Rfd8 17. Qf3 Kh7 18. Rfe1 Qb6 19. a3 Qa6 20. Re3 Qxc4 21.
Red3 d5 22. Ne3 Qa6 23. Qf5+ Kh8 24. exd5 cxd5 25. Ncxd5 Nd4 26. Qxe5 Nxd5 27.
Rxd4 Qxa3 28. Nxd5 Rxd5 29. Rxd5 Rxd5 30. Qxd5 1-0

[Event "Sydney International Open"]
[Site "*"]
[Date "2007.04.12"]
[Round "5.41"]
[White "Redgrave, John"]
[Black "Milligan, Helen"]
[Result "0-1"]
[WhiteElo "1857"]
[BlackElo "2041"]
[PlyCount "94"]

1. e4 e5 2. Nf3 Nc6 3. Bb5 a6 4. Ba4 Nf6 5. Qe2 b5 6. Bb3 Be7 7. c3 d6 8. h3
O-O 9. d3 Na5 10. Bc2 c5 11. Nbd2 Re8 12. Nf1 h6 13. g4 Nh7 14. Ng3 Nc6 15. Be3
Qc7 16. Nf5 Bf8 17. h4 Ne7 18. Rg1 Be6 19. Qd2 d5 20. d4 exd4 21. cxd4 dxe4 22.
Bxe4 Rad8 23. Bf4 Qb6 24. dxc5 Qxc5 25. Be3 Qc4 26. N5d4 Nd5 27. Ne5 Qc7 28.
Nd3 Nhf6 29. Bf3 Nxe3 30. fxe3 Rxd4 31. exd4 Bxg4+ 32. Kf2 Qh2+ 33. Rg2 Qxh4+
34. Rg3 Bxf3 35. Kxf3 Qxg3+ 36. Kxg3 Ne4+ 37. Kf4 Nxd2 38. Rd1 Nc4 39. b3 Nd6
40. Nc5 g5+ 41. Kf3 Bg7 42. Nxa6 Re4 43. d5 g4+ 44. Kg2 Re2+ 45. Kg3 f5 46. Rh1
Be5+ 47. Kh4 g3 0-1

[Event "Sydney International Open"]
[Site "*"]
[Date "2007.04.12"]
[Round "5.42"]
[White "Vlietstra, Marc"]
[Black "Nakauchi, Gene"]
[Result "0-1"]
[WhiteElo "2022"]
[BlackElo "1703"]
[PlyCount "74"]

1. e4 c5 2. Nf3 e6 3. Nc3 a6 4. g3 b5 5. Bg2 Bb7 6. d3 d6 7. O-O Nc6 8. Be3 Nf6
9. Nh4 Be7 10. f4 d5 11. e5 d4 12. exf6 Bxf6 13. Ne4 dxe3 14. Nxc5 Qb6 15.
Bxc6+ Bxc6 16. d4 e2 17. Qd3 exf1=Q+ 18. Rxf1 Rd8 19. Nxe6 fxe6 20. c3 O-O 21.
f5 e5 22. Ng6 exd4 23. c4 bxc4 24. Qxc4+ Bd5 25. Qd3 Qxb2 26. Nf4 Qc3 27. Qd1
Qe3+ 28. Rf2 Rfe8 29. Nxd5 Qe1+ 30. Rf1 Qxd1 31. Nxf6+ gxf6 32. Rxd1 Re2 33. a3
d3 34. Kf1 Rxh2 35. Kg1 Ra2 36. g4 d2 37. Kf2 Re8 0-1

[Event "Sydney International Open"]
[Site "*"]
[Date "2007.04.12"]
[Round "5.43"]
[White "Harris, Benjamin"]
[Black "Mendes da Costa, Alex"]
[Result "1-0"]
[WhiteElo "1819"]
[BlackElo "2017"]
[PlyCount "98"]

1. d4 Nf6 2. c4 c5 3. d5 b5 4. cxb5 a6 5. b6 Qxb6 6. Nc3 d6 7. e4 g6 8. Nf3 Bg7
9. Be2 O-O 10. O-O a5 11. Nd2 Ba6 12. Nc4 Qc7 13. Qc2 Nbd7 14. Bd2 Nb6 15. Nxb6
Qxb6 16. Na4 Qb7 17. Bc4 Nd7 18. Rab1 Bxc4 19. Qxc4 Ne5 20. Qe2 Rfb8 21. b3 Qd7
22. f4 Ng4 23. h3 Bd4+ 24. Kh1 Nf6 25. Bc3 Bxc3 26. Nxc3 Rb4 27. Rbd1 Qe8 28.
e5 Nh5 29. Qe3 Qf8 30. g4 Ng7 31. Ne4 f5 32. exf6 exf6 33. a3 Rb7 34. f5 gxf5
35. gxf5 Re8 36. Rde1 Kh8 37. Qh6 Rf7 38. Kh2 Re5 39. Ng3 Qe8 40. Rxe5 Qxe5 41.
Qf4 Re7 42. Rf2 Kg8 43. Qf3 Qe3 44. Qg2 Re5 45. Re2 Qf4 46. Rf2 Qg5 47. Qf3 Re3
48. Qg2 Kf8 49. Ne4 Qxg2+ 1-0

[Event "Sydney International Open"]
[Site "*"]
[Date "2007.04.12"]
[Round "5.44"]
[White "Uttam, Kumar Saha"]
[Black "Yuen, Jonathan"]
[Result "1-0"]
[WhiteElo "2016"]
[BlackElo "1670"]
[PlyCount "97"]

1. a3 d5 2. d4 Bf5 3. Nf3 e6 4. Bf4 Bd6 5. Bg3 Nf6 6. e3 Ne4 7. Bxd6 Qxd6 8.
Bd3 Nd7 9. Nbd2 c5 10. Nh4 cxd4 11. Nxf5 exf5 12. exd4 Qf4 13. Nxe4 fxe4 14.
Bb5 Rd8 15. O-O O-O 16. c3 Nf6 17. h3 e3 18. fxe3 Qxe3+ 19. Kh2 Rd6 20. Rf3 Qg5
21. Bd3 Re8 22. Rf5 Qh6 23. Qc1 Re3 24. Rf3 Rde6 25. Bf5 Rxf3 26. Qxh6 gxh6 27.
Bxe6 Rf2 28. Bc8 Rxb2 29. Re1 Ne4 30. c4 Ng5 31. Re8+ Kg7 32. cxd5 Rb5 33. d6
Rd5 34. d7 Ne6 35. Bxb7 Rxd7 36. Bc8 Rd8 37. Rxd8 Nxd8 38. Kg3 Kf6 39. Kf4 h5
40. d5 Ke7 41. Ke5 f6+ 42. Kf5 Kd6 43. Be6 Nxe6 44. dxe6 Ke7 45. a4 a5 46. h4
h6 47. g3 Kf8 48. Kxf6 Ke8 49. Kg6 1-0

[Event "Sydney International Open"]
[Site "*"]
[Date "2007.04.12"]
[Round "5.45"]
[White "Lovejoy, David"]
[Black "Wan, Dennis"]
[Result "1-0"]
[WhiteElo "2003"]
[BlackElo "1525"]
[PlyCount "71"]

1. e4 e6 2. d4 d5 3. Nc3 Bb4 4. e5 c5 5. a3 cxd4 6. axb4 dxc3 7. Qg4 cxb2 8.
Bxb2 g6 9. Bd3 h5 10. Qg3 Ne7 11. Ne2 Nf5 12. Bxf5 gxf5 13. Qg7 Kd7 14. Nf4 Qf8
15. Qxf8 Rxf8 16. Nxh5 Nc6 17. b5 Nb4 18. Kd2 d4 19. Ba3 Rh8 20. Nf6+ Kc7 21.
Bxb4 Bd7 22. Bd6+ Kd8 23. Rab1 a6 24. bxa6 bxa6 25. Nxd7 Kxd7 26. Rb7+ Kc6 27.
Rxf7 Rhc8 28. h4 a5 29. h5 a4 30. Rh3 Kd5 31. Ra3 Rc3 32. h6 Rxa3 33. Bxa3 Kxe5
34. h7 Rh8 35. Be7 Re8 36. Bf6+ 1-0

[Event "Sydney International Open"]
[Site "*"]
[Date "2007.04.12"]
[Round "5.46"]
[White "Cohn, Jason"]
[Black "Tulevski, Vasil G"]
[Result "1/2-1/2"]
[WhiteElo "1612"]
[BlackElo "2001"]
[PlyCount "104"]

1. e4 c5 2. Nf3 e6 3. d3 Nc6 4. g3 d6 5. Bg2 Nf6 6. O-O Be7 7. Re1 O-O 8. c3
Rb8 9. d4 Nd7 10. h4 Bf6 11. Be3 b5 12. Ng5 h6 13. e5 dxe5 14. Bxc6 hxg5 15.
Bxd7 Qxd7 16. dxe5 Be7 17. Qxd7 Bxd7 18. Bxg5 Bxg5 19. hxg5 Bc6 20. Nd2 Rbc8
21. Ne4 Bxe4 22. Rxe4 Rfd8 23. Re2 Kh7 24. f4 Kg6 25. g4 Rd3 26. Kg2 Rh8 27.
Rg1 Rhh3 28. Kf1 Rhf3+ 29. Rf2 Rxf2+ 30. Kxf2 Rd2+ 31. Kf3 Rxb2 32. Rg2 Rb1 33.
Ke4 Re1+ 34. Kd3 Rf1 35. Ke4 Rd1 36. Rb2 Re1+ 37. Kf3 a6 38. a4 Rc1 39. axb5
Rxc3+ 40. Ke4 axb5 41. Rxb5 Rc1 42. Rb6 c4 43. f5+ Kxg5 44. fxe6 fxe6 45. Rxe6
Rg1 46. Rc6 Rxg4+ 47. Kd5 Kf5 48. Rc8 Rg1 49. Rf8+ Kg6 50. Kxc4 Ra1 51. e6 Ra7
52. Kd5 Ra5+ 1/2-1/2